| 000 | 00508nam a2200193 i 4500 | ||
|---|---|---|---|
| 001 | bg | ||
| 245 | 0 |
_aSłownik informatyki polsko-angielsko-rosyjski / _cpod red. Hanny Jezierskiej. |
|
| 250 | _aWyd.3 zm. i rozsz. | ||
| 260 |
_aWarszawa, _c1989. |
||
| 650 | 9 | _aInformatyka | |
| 650 | 9 | _aSłownik wielojęzyczny | |
| 655 | _aSłowniki | ||
| 700 | 1 |
_aJezierska, Hanna. _eRed. |
|
| 040 | _cBPK | ||
| 041 | _apol | ||
| 080 | _a681.3(038)=00 | ||
| 942 | _cKS | ||
| 008 | s pl f |000 0 pol | ||
| 999 |
_c28948 _d28948 |
||
| 856 |
_uhttp://koha.tu.koszalin.pl/cgi-bin/koha/opac-detail.pl?biblionumber=28948 _yKatalog online BPK |
||